[Event "Antofagasta Zicosur"]
[Site "Antofagasta"]
[Date "2015.01.05"]
[Round "1"]
[White "Rodriguez Vila, Andres"]
[Black "Escalante Ramirez, Brian Sebastian"]
[Result "1-0"]
[WhiteElo "2444"]
[BlackElo "2091"]
[PlyCount "89"]
[EventDate "2015.01.05"]
[EventType "swiss"]
[EventRounds "10"]
[EventCountry "CHI"]
[SourceTitle "CBM 164 Extra"]
[Source "ChessBase"]
[SourceDate "2015.03.02"]
[SourceVersion "1"]
[SourceVersionDate "2015.03.02"]
[SourceQuality "1"]

1. f4 Nf6 2. Nf3 g6 3. g3 Bg7 4. Bg2 O-O 5. O-O d5 6. d3 c5 7. Nc3 d4 8. Na4
Na6 9. c4 Nd7 10. a3 Nb6 11. Bd2 Nxa4 12. Qxa4 Qd6 13. b4 Bd7 14. Qb3 Rab8 15.
b5 Nc7 16. a4 f6 17. a5 b6 18. axb6 axb6 19. Ra7 Ra8 20. Rfa1 Rxa7 21. Rxa7 Ra8
22. Qa2 Rxa7 23. Qxa7 Nxb5 24. cxb5 Bxb5 25. Bc1 Bf8 26. h4 h5 27. Kf2 Bh6 28.
Qa8+ Kh7 29. Qa2 Kg7 30. Ng5 Bxg5 31. fxg5 f5 32. Qa7 c4 33. dxc4 Bxc4 34. Ba3
Qe6 35. Qxe7+ Qxe7 36. Bxe7 d3 37. exd3 Bxd3 38. Bd5 b5 39. Ke3 Bf1 40. Kd4 Be2
41. Ke5 Bd3 42. Bb4 Bc2 43. Ke6 Bd3 44. Ke7 Bc2 45. Bc3+ 1-0

[Event "Antofagasta Zicosur"]
[Site "Antofagasta"]
[Date "2015.01.06"]
[Round "3"]
[White "Rodriguez Vila, Andres"]
[Black "Ramirez Feliu, Diego Eduardo"]
[Result "1-0"]
[WhiteElo "2444"]
[BlackElo "1790"]
[PlyCount "53"]
[EventDate "2015.01.05"]
[EventType "swiss"]
[EventRounds "10"]
[EventCountry "CHI"]
[SourceTitle "CBM 164 Extra"]
[Source "ChessBase"]
[SourceDate "2015.03.02"]
[SourceVersion "1"]
[SourceVersionDate "2015.03.02"]
[SourceQuality "1"]

1. e4 e5 2. Nf3 Nc6 3. Bc4 Bc5 4. c3 Nf6 5. d4 exd4 6. cxd4 Bb4+ 7. Nc3 Nxe4 8.
O-O Bxc3 9. d5 O-O 10. bxc3 Na5 11. Bd3 Nf6 12. Bg5 d6 13. Qa4 b6 14. Qh4 h6
15. Bxh6 gxh6 16. Qxh6 Nb7 17. Ng5 Bg4 18. Bh7+ Kh8 19. Bf5+ Kg8 20. Bxg4 Nc5
21. Bf5 Ncd7 22. Rae1 Ne5 23. Re4 Re8 24. Rxe5 Qe7 25. Bh7+ Kh8 26. Rxe7 Rxe7
27. Qxf6# 1-0

[Event "Antofagasta Zicosur"]
[Site "Antofagasta"]
[Date "2015.01.07"]
[Round "4"]
[White "Conde Escobar, Phol"]
[Black "Rodriguez Vila, Andres"]
[Result "0-1"]
[WhiteElo "1858"]
[BlackElo "2444"]
[PlyCount "59"]
[EventDate "2015.01.05"]
[EventType "swiss"]
[EventRounds "10"]
[EventCountry "CHI"]
[SourceTitle "CBM 164 Extra"]
[Source "ChessBase"]
[SourceDate "2015.03.02"]
[SourceVersion "1"]
[SourceVersionDate "2015.03.02"]
[SourceQuality "1"]

1. c4 e5 2. Nc3 Nc6 3. g3 g6 4. Bg2 Bg7 5. d3 d6 6. Nf3 Nf6 7. O-O O-O 8. Ne1
Bd7 9. Nc2 Qc8 10. Ne3 Bh3 11. Ned5 Bxg2 12. Kxg2 Nxd5 13. Nxd5 f5 14. b4 Rf7
15. Rb1 f4 16. f3 Nd4 17. g4 h5 18. h3 Qd7 19. Bd2 Kh7 20. Be1 Rh8 21. Bh4 Kg8
22. g5 Nf5 23. Bf2 h4 24. Nc3 Rh5 25. Ne4 Bh8 26. b5 Ng3 27. Rg1 Qe6 28. Qc2 b6
29. a4 Bg7 30. a5 0-1

[Event "Antofagasta Zicosur"]
[Site "Antofagasta"]
[Date "2015.01.08"]
[Round "6"]
[White "Leitao, Rafael Duailibe"]
[Black "Rodriguez Vila, Andres"]
[Result "1/2-1/2"]
[WhiteElo "2636"]
[BlackElo "2444"]
[PlyCount "49"]
[EventDate "2015.01.05"]
[EventType "swiss"]
[EventRounds "10"]
[EventCountry "CHI"]
[SourceTitle "CBM 164 Extra"]
[Source "ChessBase"]
[SourceDate "2015.03.02"]
[SourceVersion "1"]
[SourceVersionDate "2015.03.02"]
[SourceQuality "1"]

1. d4 Nf6 2. c4 e6 3. Nc3 Bb4 4. Qc2 O-O 5. Nf3 d6 6. g3 e5 7. Bg2 Nc6 8. d5
Ne7 9. O-O a5 10. Bg5 Bxc3 11. Bxf6 Bb4 12. Ng5 Bf5 13. Qxf5 Nxf5 14. Bxd8
Raxd8 15. Ne4 a4 16. a3 Bc5 17. e3 Ra8 18. Nc3 Ne7 19. Rfd1 Ra5 20. Rac1 Nc8
21. Nb5 Na7 22. Nc3 f5 23. Bf1 Nc8 24. Rc2 Nb6 25. Nb5 1/2-1/2

[Event "Antofagasta Zicosur"]
[Site "Antofagasta"]
[Date "2015.01.09"]
[Round "7"]
[White "Rodriguez Vila, Andres"]
[Black "Soza de la Carrera, Jose"]
[Result "1-0"]
[WhiteElo "2444"]
[BlackElo "2235"]
[PlyCount "73"]
[EventDate "2015.01.05"]
[EventType "swiss"]
[EventRounds "10"]
[EventCountry "CHI"]
[SourceTitle "CBM 164 Extra"]
[Source "ChessBase"]
[SourceDate "2015.03.02"]
[SourceVersion "1"]
[SourceVersionDate "2015.03.02"]
[SourceQuality "1"]

1. e4 e6 2. d4 d5 3. e5 c5 4. c3 Nc6 5. Nf3 Qb6 6. Bd3 Bd7 7. dxc5 Bxc5 8. b4
Bf8 9. O-O Nge7 10. Qe2 Ng6 11. h4 Qc7 12. Re1 Be7 13. h5 Nf8 14. Na3 a6 15. b5
Na5 16. bxa6 bxa6 17. Bxa6 Bxa3 18. Bxa3 Nc4 19. Bxc4 Rxa3 20. Bb3 Bc6 21. c4
Ra5 22. Nd4 Nd7 23. cxd5 Bxd5 24. Nb5 Qc6 25. Nd6+ Ke7 26. Qd2 Rha8 27. Rac1
Rc5 28. Rxc5 Qxc5 29. Rc1 Qa5 30. Qg5+ Kf8 31. h6 g6 32. Qf4 f5 33. exf6 Bxb3
34. axb3 Qe5 35. Qa4 Rd8 36. Qxd7 Qxd6 37. Qg7+ 1-0

[Event "Antofagasta Zicosur"]
[Site "Antofagasta"]
[Date "2015.01.11"]
[Round "10"]
[White "Vera Siguenas, Deivy Anthoni"]
[Black "Rodriguez Vila, Andres"]
[Result "1/2-1/2"]
[WhiteElo "2455"]
[BlackElo "2444"]
[PlyCount "88"]
[EventDate "2015.01.05"]
[EventType "swiss"]
[EventRounds "10"]
[EventCountry "CHI"]
[SourceTitle "CBM 164 Extra"]
[Source "ChessBase"]
[SourceDate "2015.03.02"]
[SourceVersion "1"]
[SourceVersionDate "2015.03.02"]
[SourceQuality "1"]

1. e4 e6 2. d4 d5 3. Nd2 Nf6 4. e5 Nfd7 5. Bd3 c5 6. c3 Nc6 7. Ne2 cxd4 8. cxd4
f6 9. exf6 Nxf6 10. O-O Bd6 11. Nf3 Qc7 12. Bg5 O-O 13. Bh4 g6 14. Bg3 Bxg3 15.
hxg3 Qg7 16. Qd2 Bd7 17. b4 a6 18. a4 Ne4 19. Bxe4 dxe4 20. Ng5 Qe7 21. Nxe4
Nxb4 22. a5 Bb5 23. Rfb1 Nc6 24. N4c3 Bxe2 25. Nxe2 Rad8 26. Qe3 Rf5 27. Rb6
Rd6 28. Qc3 Qd7 29. Rab1 Nxa5 30. Rxd6 Qxd6 31. Nf4 Qc6 32. Qe1 Nc4 33. Nxe6 b5
34. Nf4 Qd6 35. Qe2 Rf8 36. Re1 a5 37. Qe4 a4 38. Qb7 Rb8 39. Qa7 Qb6 40. Qd7
Qd8 41. Qa7 Qb6 42. Qd7 Qd8 43. Qa7 Qb6 44. Qd7 Qd8 1/2-1/2

[Event "Asuncion zt 2.5"]
[Site "Asuncion"]
[Date "2015.04.27"]
[Round "1"]
[White "Rodriguez Vila, Andres"]
[Black "Heinechen, John"]
[Result "1-0"]
[WhiteElo "2492"]
[BlackElo "1984"]
[PlyCount "51"]
[EventDate "2015.04.27"]
[EventType "swiss"]
[EventRounds "9"]
[EventCountry "PAR"]
[SourceTitle "CBM 166 Extra"]
[Source "ChessBase"]
[SourceDate "2015.06.18"]
[SourceVersion "1"]
[SourceVersionDate "2015.06.18"]
[SourceQuality "1"]

1. e4 c5 2. Nc3 e6 3. Nf3 a6 4. g3 b5 5. Bg2 Bb7 6. d4 cxd4 7. Nxd4 Nc6 8. O-O
Qc7 9. Re1 Nxd4 10. Qxd4 d6 11. a4 bxa4 12. Qxa4+ Qd7 13. Qxd7+ Kxd7 14. Na4
Kc7 15. Re3 Ne7 16. Rb3 Nc6 17. Be3 Be7 18. Bb6+ Kd7 19. Rd1 Rhb8 20. Be3 Kd8
21. Nb6 Ra7 22. Nd5 Raa8 23. Bb6+ Kc8 24. Nxe7+ Nxe7 25. Rxd6 Nc6 26. Rc3 1-0

[Event "Asuncion zt 2.5"]
[Site "Asuncion"]
[Date "2015.04.28"]
[Round "2"]
[White "Villalba, Marcelo"]
[Black "Rodriguez Vila, Andres"]
[Result "0-1"]
[WhiteElo "2225"]
[BlackElo "2492"]
[PlyCount "140"]
[EventDate "2015.04.27"]
[EventType "swiss"]
[EventRounds "9"]
[EventCountry "PAR"]
[SourceTitle "CBM 166 Extra"]
[Source "ChessBase"]
[SourceDate "2015.06.18"]
[SourceVersion "1"]
[SourceVersionDate "2015.06.18"]
[SourceQuality "1"]

1. e4 c5 2. Nf3 g6 3. d4 cxd4 4. Nxd4 Bg7 5. Be2 Nc6 6. Nb3 Nf6 7. Nc3 a6 8.
O-O b5 9. a3 O-O 10. Bg5 d6 11. Kh1 Be6 12. f4 Rc8 13. Bf3 Nd7 14. Rb1 Bxb3 15.
cxb3 Nb6 16. Rf2 Nd4 17. Bg4 f5 18. exf5 gxf5 19. Bh3 Rf7 20. Bh6 Bxh6 21. Qxd4
Qc7 22. Qd3 Qc5 23. Rbf1 Bg7 24. Rf3 Rcf8 25. g4 Bxc3 26. bxc3 fxg4 27. Bxg4
Rf6 28. Re1 e5 29. fxe5 dxe5 30. Rxf6 Rxf6 31. Bf3 Kg7 32. Be4 Kh8 33. Qh3 Qe7
34. Rg1 Rf4 35. Qd3 Nd7 36. Qd5 Rf8 37. Qb7 Qd6 38. Bc6 Rd8 39. Bxd7 Rxd7 40.
Qa8+ Rd8 41. Qe4 Qd5 42. Qxd5 Rxd5 43. c4 bxc4 44. bxc4 Rc5 45. Rg4 a5 46. Kg2
a4 47. Kf2 h6 48. Rg6 Kh7 49. Rg4 h5 50. Rg5 Kh6 51. h4 Rxc4 52. Rxe5 Rxh4 53.
Ra5 Rc4 54. Kg2 Rc6 55. Ra8 Kg5 56. Ra7 Kf4 57. Rh7 Rc2+ 58. Kg1 Kg3 59. Rg7+
Kh3 60. Ra7 Rc4 61. Kf2 h4 62. Ra8 Kh2 63. Kf3 h3 64. Kf2 Rf4+ 65. Ke3 Kg3 66.
Rh8 Rg4 67. Ke2 Kg2 68. Rf8 h2 69. Rf2+ Kh3 70. Rf3+ Rg3 0-1

[Event "Asuncion zt 2.5"]
[Site "Asuncion"]
[Date "2015.04.28"]
[Round "3"]
[White "Rodriguez Vila, Andres"]
[Black "Mareco, Sandro"]
[Result "0-1"]
[WhiteElo "2492"]
[BlackElo "2598"]
[PlyCount "70"]
[EventDate "2015.04.27"]
[EventType "swiss"]
[EventRounds "9"]
[EventCountry "PAR"]
[SourceTitle "CBM 166 Extra"]
[Source "ChessBase"]
[SourceDate "2015.06.18"]
[SourceVersion "1"]
[SourceVersionDate "2015.06.18"]
[SourceQuality "1"]

1. e4 c5 2. Nf3 d6 3. d4 cxd4 4. Nxd4 Nf6 5. Nc3 a6 6. Be2 e6 7. O-O Be7 8. a4
Nc6 9. Be3 O-O 10. f4 Qc7 11. Kh1 Re8 12. a5 Nxa5 13. e5 dxe5 14. fxe5 Qxe5 15.
Bf4 Qc5 16. Na4 Qa7 17. Be3 b6 18. b4 Nd5 19. Bg1 Nxb4 20. Qb1 Bf8 21. Nf3 Rb8
22. Ng5 f5 23. Nxb6 Qe7 24. Nxh7 Kxh7 25. Rxa5 Qc7 26. c3 Nd5 27. Rxd5 exd5 28.
Bxa6 Be6 29. Rxf5 Bxf5 30. Qxf5+ g6 31. Qh3+ Bh6 32. Nd7 Re1 33. Nxb8 Qxb8 34.
Qd7+ Bg7 35. Bd3 Qb6 0-1

[Event "Asuncion zt 2.5"]
[Site "Asuncion"]
[Date "2015.04.29"]
[Round "4"]
[White "Curi, Gabriel"]
[Black "Rodriguez Vila, Andres"]
[Result "0-1"]
[WhiteElo "2234"]
[BlackElo "2492"]
[PlyCount "58"]
[EventDate "2015.04.27"]
[EventType "swiss"]
[EventRounds "9"]
[EventCountry "PAR"]
[SourceTitle "CBM 166 Extra"]
[Source "ChessBase"]
[SourceDate "2015.06.18"]
[SourceVersion "1"]
[SourceVersionDate "2015.06.18"]
[SourceQuality "1"]

1. e4 c5 2. Nf3 d6 3. d4 cxd4 4. Nxd4 Nf6 5. f3 e5 6. Bb5+ Nbd7 7. Nf5 d5 8.
exd5 a6 9. Bxd7+ Qxd7 10. Ne3 b5 11. Nc3 Bb7 12. O-O Rd8 13. Qe2 Be7 14. Rd1
Qc8 15. a3 O-O 16. Bd2 Bc5 17. Kh1 Bd4 18. Be1 Nh5 19. g3 f5 20. f4 Nf6 21.
fxe5 Bxe5 22. Kg1 Rde8 23. Qd3 f4 24. gxf4 Bxf4 25. Ng2 Qc5+ 26. Kh1 Ng4 27.
Qd4 Be3 28. Nxe3 Nxe3 29. Bg3 Rf1+ 0-1

[Event "Asuncion zt 2.5"]
[Site "Asuncion"]
[Date "2015.04.30"]
[Round "6"]
[White "Obregon, Carlos Andres"]
[Black "Rodriguez Vila, Andres"]
[Result "1-0"]
[WhiteElo "2531"]
[BlackElo "2492"]
[PlyCount "77"]
[EventDate "2015.04.27"]
[EventType "swiss"]
[EventRounds "9"]
[EventCountry "PAR"]
[SourceTitle "CBM 166 Extra"]
[Source "ChessBase"]
[SourceDate "2015.06.18"]
[SourceVersion "1"]
[SourceVersionDate "2015.06.18"]
[SourceQuality "1"]

1. e4 e6 2. d4 d5 3. Nd2 Nf6 4. e5 Nfd7 5. Bd3 c5 6. c3 Nc6 7. Ngf3 Qb6 8. O-O
Be7 9. dxc5 Qc7 10. Nb3 Nxc5 11. Nxc5 Bxc5 12. Qe2 h6 13. Bd2 Bd7 14. Rac1 Qd8
15. b4 Be7 16. a3 a5 17. b5 Na7 18. a4 Nc8 19. c4 dxc4 20. Bxc4 b6 21. Nd4 Ra7
22. Qg4 Kf8 23. Be3 Ba3 24. Rc3 Qe7 25. Nc6 Bxc6 26. bxc6 Bb2 27. Rd3 Bxe5 28.
Rfd1 g6 29. Rd7 Qf6 30. Bxb6 Ra8 31. Bc5+ Kg8 32. c7 Qf5 33. Qxf5 gxf5 34. Re1
Bg7 35. Rxe6 fxe6 36. Bxe6+ Kh7 37. Bxf5+ Kg8 38. Be6+ Kh7 39. Bd4 1-0

[Event "Asuncion zt 2.5"]
[Site "Asuncion"]
[Date "2015.05.01"]
[Round "7"]
[White "Rodriguez Vila, Andres"]
[Black "Jimenez, Joaquin Rodrigo"]
[Result "1/2-1/2"]
[WhiteElo "2492"]
[BlackElo "2205"]
[PlyCount "111"]
[EventDate "2015.04.27"]
[EventType "swiss"]
[EventRounds "9"]
[EventCountry "PAR"]
[SourceTitle "CBM 166 Extra"]
[Source "ChessBase"]
[SourceDate "2015.06.18"]
[SourceVersion "1"]
[SourceVersionDate "2015.06.18"]
[SourceQuality "1"]

1. e4 e5 2. Bc4 Nf6 3. d3 Nc6 4. Nf3 Be7 5. O-O O-O 6. Re1 d6 7. a4 h6 8. Nbd2
Nh7 9. Nf1 Ng5 10. N3d2 Kh8 11. Ne3 f5 12. exf5 Nd4 13. Nd5 Bxf5 14. Ne4 Nxe4
15. dxe4 Bh7 16. Be3 Ne6 17. Qg4 Bg8 18. Rad1 Bg5 19. Bxg5 Nxg5 20. f3 Nh7 21.
Qg3 Nf6 22. Qf2 Nxd5 23. Bxd5 Bxd5 24. Rxd5 a5 25. Qd2 b6 26. Qc3 Rf7 27. Qc4
Qh4 28. Rf1 Raf8 29. Rd3 g5 30. Qc3 Kh7 31. Qe1 Qxe1 32. Rxe1 Kg6 33. Kf2 Kf6
34. Kg3 Ke6 35. c3 Ra8 36. Rh1 Rf4 37. Kf2 Raf8 38. Ke3 h5 39. Rd2 g4 40. Rf2
gxf3 41. gxf3 c6 42. Rg1 R8f6 43. Rg5 h4 44. Rg4 d5 45. Rxf4 exf4+ 46. Kd4 c5+
47. Kd3 Rg6 48. exd5+ Kxd5 49. c4+ Ke5 50. Re2+ Kf5 51. b3 h3 52. Re8 Rg2 53.
Rf8+ Kg5 54. Rg8+ Kf5 55. Rf8+ Kg5 56. Rg8+ 1/2-1/2

[Event "Asuncion zt 2.5"]
[Site "Asuncion"]
[Date "2015.05.02"]
[Round "8"]
[White "Roselli Mailhe, Bernardo"]
[Black "Rodriguez Vila, Andres"]
[Result "0-1"]
[WhiteElo "2417"]
[BlackElo "2492"]
[PlyCount "53"]
[EventDate "2015.04.27"]
[EventType "swiss"]
[EventRounds "9"]
[EventCountry "PAR"]
[SourceTitle "CBM 166 Extra"]
[Source "ChessBase"]
[SourceDate "2015.06.18"]
[SourceVersion "1"]
[SourceVersionDate "2015.06.18"]
[SourceQuality "1"]

1. d4 d6 2. g3 f5 3. Nf3 Nf6 4. c4 g6 5. Bg2 Bg7 6. O-O O-O 7. Nc3 Nc6 8. d5
Ne5 9. Qb3 Nfd7 10. Nxe5 dxe5 11. Rd1 a6 12. a4 h6 13. e4 g5 14. c5 Nxc5 15.
Qc4 Qd6 16. b4 Nd7 17. a5 b5 18. Qc6 Rb8 19. exf5 Nf6 20. Be3 Qxb4 21. Qxc7
Bxf5 22. Na2 Qd6 23. Qxd6 exd6 24. Nb4 Bc8 25. Rac1 Bb7 26. Rc6 Rf7 27. Rdc1
0-1

[Event "Asuncion zt 2.5"]
[Site "Asuncion"]
[Date "2015.05.03"]
[Round "9"]
[White "Rodriguez Vila, Andres"]
[Black "Krysa, Leandro Sergio"]
[Result "0-1"]
[WhiteElo "2492"]
[BlackElo "2474"]
[PlyCount "61"]
[EventDate "2015.04.27"]
[EventType "swiss"]
[EventRounds "9"]
[EventCountry "PAR"]
[SourceTitle "CBM 166 Extra"]
[Source "ChessBase"]
[SourceDate "2015.06.18"]
[SourceVersion "1"]
[SourceVersionDate "2015.06.18"]
[SourceQuality "1"]

1. e4 e5 2. Nf3 Nc6 3. Nc3 Nf6 4. h3 Bb4 5. Bd3 O-O 6. Nd5 Nxd5 7. exd5 e4 8.
Bxe4 Re8 9. O-O Rxe4 10. dxc6 dxc6 11. d4 Bf5 12. c4 Bf8 13. Be3 Qf6 14. Qb3
Bxh3 15. Ne5 Bc8 16. f3 Rh4 17. c5 Qe6 18. Qxe6 Bxe6 19. g3 Rh5 20. Kg2 f6 21.
g4 Rh4 22. Nd3 Bc4 23. Rfd1 Re8 24. Bf2 Rh6 25. b3 Bxd3 26. Rxd3 f5 27. gxf5
Rh5 28. Re1 Rxe1 29. Bxe1 Rxf5 30. Kg3 Kf7 31. Re3 0-1

[Event "Mercosur Cup 19th"]
[Site "Buenos Aires"]
[Date "2015.06.12"]
[Round "9"]
[White "Rodriguez Vila, Andres"]
[Black "Sosa, Tomas1"]
[Result "1/2-1/2"]
[WhiteElo "2469"]
[BlackElo "2385"]
[PlyCount "98"]
[EventDate "2015.06.04"]
[EventType "tourn"]
[EventRounds "11"]
[EventCountry "ARG"]
[EventCategory "10"]
[SourceTitle "CBM 166 Extra"]
[Source "ChessBase"]
[SourceDate "2015.06.18"]
[SourceVersion "1"]
[SourceVersionDate "2015.06.18"]
[SourceQuality "1"]

1. f4 d5 2. Nf3 Nf6 3. g3 Nc6 4. Bg2 Bg4 5. O-O Bxf3 6. exf3 e6 7. d4 Bd6 8.
Be3 h5 9. Nc3 Ne7 10. Nb5 Nf5 11. Qd2 Be7 12. Rfe1 c6 13. Nc3 c5 14. Ne2 Qb6
15. c3 O-O 16. Bf2 cxd4 17. Nxd4 Nxd4 18. Bxd4 Bc5 19. Kh1 Bxd4 20. cxd4 Rac8
21. Bf1 Rc6 22. Bd3 g6 23. Qf2 Rfc8 24. Rg1 Kf8 25. h3 Ne8 26. g4 hxg4 27. hxg4
Nd6 28. Rae1 Ke7 29. Bxg6 Rh8+ 30. Bh5 Nf5 31. Qh2 Nxd4 32. Qh4+ f6 33. g5 Nxf3
34. gxf6+ Kd8 35. f7+ Nxh4 36. Rg8+ Kc7 37. f8=Q Rxg8 38. Qf7+ Kb8 39. Qxg8+
Rc8 40. Qxe6 Qf2 41. Qe5+ Ka8 42. Qe2 Qxf4 43. Qg4 Qxg4 44. Bxg4 Rg8 45. Be6
Rh8 46. Rd1 Ng6+ 47. Kg1 Nf4 48. Bxd5 Nxd5 49. Rxd5 a6 1/2-1/2

[Event "Mercosur Cup 19th"]
[Site "Buenos Aires"]
[Date "2015.06.13"]
[Round "10"]
[White "Pichot, Alan"]
[Black "Rodriguez Vila, Andres"]
[Result "1/2-1/2"]
[WhiteElo "2492"]
[BlackElo "2469"]
[PlyCount "213"]
[EventDate "2015.06.04"]
[EventType "tourn"]
[EventRounds "11"]
[EventCountry "ARG"]
[EventCategory "10"]
[SourceTitle "CBM 166 Extra"]
[Source "ChessBase"]
[SourceDate "2015.06.18"]
[SourceVersion "1"]
[SourceVersionDate "2015.06.18"]
[SourceQuality "1"]

1. e4 e6 2. Qe2 c5 3. g3 Nc6 4. Bg2 d5 5. d3 Nf6 6. Nf3 Be7 7. O-O b5 8. Re1
O-O 9. Nbd2 a5 10. e5 Nd7 11. Nf1 a4 12. h4 a3 13. N1h2 Ndxe5 14. Nxe5 Nxe5 15.
bxa3 Nc6 16. Ng4 f5 17. Nh2 b4 18. axb4 Nd4 19. Qd1 cxb4 20. Be3 Bf6 21. Qd2
Qc7 22. Qxb4 Nxc2 23. Rac1 Nxb4 24. Rxc7 Nxd3 25. Rd1 Nb4 26. a3 Na6 27. Rc6
Be7 28. Bf1 Nb8 29. Rb6 Bd8 30. Rb3 Nd7 31. Nf3 Be7 32. Nd4 Kf7 33. Bg5 Bc5 34.
Nc6 Nf6 35. Ne5+ Kg8 36. Nd3 Bd6 37. Rb6 Ne4 38. Be3 Rxa3 39. f3 Nc3 40. Rc1
Be7 41. Rc6 Na2 42. Rxc8 Nxc1 43. Rxc1 Rb8 44. Bd4 Bd6 45. Kg2 Ra2+ 46. Kh3 Re8
47. Rc6 Bf8 48. Be5 Rd2 49. Nf4 Rd1 50. Bb5 Re1 51. Nd3 Rb1 52. Ba6 Rb3 53. Nf4
Rxf3 54. Bc8 Re3 55. Bd4 Re4 56. Bxe6+ Kh8 57. Bb2 Rb4 58. Bc3 Rc4 59. Rxc4
dxc4 60. h5 Be7 61. h6 Bf6 62. Bxf6 gxf6 63. Bxc4 Re1 64. Bd5 Rd1 65. Bf3 Rf1
66. Kg2 Ra1 67. Be2 Ra4 68. Kf3 Ra3+ 69. Bd3 Kg8 70. Ke3 Kh8 71. Kd4 Rb3 72.
Kd5 Kg8 73. Ke6 Rb6+ 74. Kxf5 Kh8 75. g4 Rb4 76. Be4 Rd4 77. Ne6 Rb4 78. Nd8
Kg8 79. Nc6 Ra4 80. Ne7+ Kf7 81. Nd5 Ra5 82. Kf4 Ra2 83. Kg3 Ra1 84. Nf4 Rg1+
85. Kh3 Re1 86. Bd5+ Kf8 87. Nh5 Re5 88. Nf4 Re1 89. Kg2 Re3 90. Kf2 Re5 91.
Be6 Re4 92. Kf3 Re1 93. Kg2 Re4 94. Kg3 Re3+ 95. Kf2 Re4 96. Kf3 Re1 97. Bd5
Rh1 98. Nh5 f5 99. Kf2 Rh2+ 100. Kg3 Rd2 101. Nf6 fxg4 102. Kxg4 Ke7 103. Kg5
Rd1 104. Be4 Rg1+ 105. Ng4 Kf8 106. Kf4 Rxg4+ 107. Kxg4 1/2-1/2

[Event "Mercosur Cup 19th"]
[Site "Buenos Aires"]
[Date "2015.06.14"]
[Round "11"]
[White "Rodriguez Vila, Andres"]
[Black "Valerga, Diego"]
[Result "1-0"]
[WhiteElo "2469"]
[BlackElo "2488"]
[PlyCount "67"]
[EventDate "2015.06.04"]
[EventType "tourn"]
[EventRounds "11"]
[EventCountry "ARG"]
[EventCategory "10"]
[SourceTitle "CBM 166 Extra"]
[Source "ChessBase"]
[SourceDate "2015.06.18"]
[SourceVersion "1"]
[SourceVersionDate "2015.06.18"]
[SourceQuality "1"]

1. e4 c5 2. Nf3 d6 3. d4 cxd4 4. Nxd4 Nf6 5. Nc3 e6 6. Be3 a6 7. Be2 Be7 8. O-O
O-O 9. a4 Nc6 10. f4 Qc7 11. Kh1 Bd7 12. Nb3 b6 13. Bg1 Bc8 14. Qd3 Bb7 15. Qh3
Nb4 16. Nd4 g6 17. Bf3 e5 18. fxe5 dxe5 19. Qg3 Kh8 20. Rae1 Rae8 21. Re2 Bd8
22. Nb3 Bc8 23. Rd2 Be6 24. Nd5 Nfxd5 25. exd5 Bd7 26. d6 Qc4 27. Be2 Qc6 28.
a5 f5 29. axb6 Bxb6 30. Bxb6 Qxb6 31. Qc3 Nc6 32. Nc5 Rd8 33. Bf3 Qb5 34. Re1
1-0

[Event "Florianopolis 2nd"]
[Site "Florianopolis"]
[Date "2015.06.19"]
[Round "1"]
[White "Rodriguez Vila, Andres"]
[Black "Aguiar, Lucas Teodoro Barbo"]
[Result "1-0"]
[WhiteElo "2469"]
[BlackElo "2316"]
[PlyCount "65"]
[EventDate "2015.06.19"]
[EventType "tourn"]
[EventRounds "9"]
[EventCountry "BRA"]
[EventCategory "6"]
[SourceTitle "CBM 167 Extra"]
[Source "ChessBase"]
[SourceDate "2015.09.14"]
[SourceVersion "1"]
[SourceVersionDate "2015.09.14"]
[SourceQuality "1"]

1. d4 Nf6 2. Nf3 e6 3. b3 d5 4. e3 Bb4+ 5. c3 Be7 6. Bd3 O-O 7. Nbd2 b6 8. Ne5
Bb7 9. Qc2 c5 10. O-O Nc6 11. f4 Rc8 12. Rf3 cxd4 13. Rh3 h6 14. Nxc6 Rxc6 15.
exd4 Qb8 16. Nf3 Ne4 17. c4 Bd6 18. Ne5 Rc7 19. Qe2 Qe8 20. Be3 f6 21. Nf3 g5
22. Rf1 gxf4 23. Bc1 Rg7 24. Rxh6 e5 25. Nh4 Rg5 26. cxd5 Nc3 27. Qc2 e4 28.
Qxc3 Kg7 29. Rg6+ Rxg6 30. Nf5+ Kh8 31. Nxd6 Qd7 32. Bxe4 f5 33. Qh3+ 1-0

[Event "Florianopolis 2nd"]
[Site "Florianopolis"]
[Date "2015.06.20"]
[Round "2"]
[White "Languidey, Simon Alejandro"]
[Black "Rodriguez Vila, Andres"]
[Result "1-0"]
[WhiteElo "2334"]
[BlackElo "2469"]
[PlyCount "149"]
[EventDate "2015.06.19"]
[EventType "tourn"]
[EventRounds "9"]
[EventCountry "BRA"]
[EventCategory "6"]
[SourceTitle "CBM 167 Extra"]
[Source "ChessBase"]
[SourceDate "2015.09.14"]
[SourceVersion "1"]
[SourceVersionDate "2015.09.14"]
[SourceQuality "1"]

1. e4 e6 2. d4 d5 3. Nd2 Nf6 4. e5 Nfd7 5. Bd3 c5 6. c3 Nc6 7. Ngf3 cxd4 8.
cxd4 f6 9. exf6 Nxf6 10. O-O Bd6 11. Re1 O-O 12. Nb3 a5 13. Bg5 a4 14. Nc1 a3
15. bxa3 Qe8 16. Ne2 Ne4 17. Bh4 Rxa3 18. Bg3 Bb4 19. Rf1 Rxf3 20. gxf3 Nd2 21.
Qc2 Qh5 22. Rfc1 Nxf3+ 23. Kh1 Ne1 24. Rxe1 Bxe1 25. Nf4 Qf3+ 26. Kg1 Rc3 27.
Bxh7+ Kh8 28. Qg6 Bxf2+ 29. Bxf2 Qxf4 30. Qh5 Qh6 31. Bg6 Ne7 32. Bf7 Nf5 33.
Qxh6+ gxh6 34. Re1 Rc6 35. Bg6 Ne7 36. Be8 Rc2 37. Bh4 Nf5 38. Bf6+ Kh7 39. Bf7
Rxa2 40. Rc1 Nd6 41. Bh5 Nc4 42. Rf1 Ne3 43. Rf3 Rg2+ 44. Kh1 Re2 45. Kg1 b5
46. Be5 Rg2+ 47. Kh1 Rg5 48. Rxe3 Rxh5 49. Rc3 Bd7 50. Rc7 Kg6 51. Rxd7 Rh3 52.
Bg3 Kf5 53. Kg2 Rh5 54. Kf3 Rg5 55. Rb7 h5 56. Be5 Rg4 57. Rxb5 Rg1 58. Rb8 Ra1
59. Rf8+ Kg5 60. Rg8+ Kf5 61. Rf8+ Kg5 62. Kg3 h4+ 63. Kg2 Ra2+ 64. Rf2 Ra4 65.
Rf3 Kg4 66. Rf6 Ra2+ 67. Kf1 Ra1+ 68. Ke2 Ra2+ 69. Kd3 Ra6 70. Kc3 Rb6 71. Rf8
Rb1 72. Rb8 Re1 73. Re8 Kf5 74. Rf8+ Ke4 75. Kd2 1-0

[Event "Florianopolis 2nd"]
[Site "Florianopolis"]
[Date "2015.06.20"]
[Round "3"]
[White "Rodriguez Vila, Andres"]
[Black "Umetsubo, Cesar Hidemitsu"]
[Result "1-0"]
[WhiteElo "2469"]
[BlackElo "2321"]
[PlyCount "50"]
[EventDate "2015.06.19"]
[EventType "tourn"]
[EventRounds "9"]
[EventCountry "BRA"]
[EventCategory "6"]
[SourceTitle "CBM 167 Extra"]
[Source "ChessBase"]
[SourceDate "2015.09.14"]
[SourceVersion "1"]
[SourceVersionDate "2015.09.14"]
[SourceQuality "1"]

1. e4 e5 2. Nf3 Nf6 3. d4 Nxe4 4. Bd3 d5 5. Nxe5 Nd7 6. Nxd7 Bxd7 7. O-O Bd6 8.
Qh5 Qf6 9. Nc3 Qxd4 10. Nxd5 Bc6 11. Ne3 g6 12. Qh6 O-O-O 13. Nc4 Kb8 14. Na5
Bd5 15. Be3 Qb4 16. Nb3 Rhe8 17. a3 Qa4 18. Nd4 Qd7 19. Nb5 Bc5 20. Rad1 Qc6
21. c4 Be6 22. Bxe4 Qxe4 23. Rxd8+ Rxd8 24. Qg5 f6 25. Qxc5 b6 1-0